Statistics for World Cities by Country A-Z #3

Click here to take the quiz!

General Stats

  • This quiz has been taken 440 times
  • The average score is 17 of 26

Answer Stats

CountryUrban Area% Correct
CEgyptCairo
99%
BChinaBeijing
98%
ATurkeyAnkara
97%
JIndonesiaJakarta
96%
FGermanyFrankfurt
96%
LPeruLima
95%
RBrazilRio de Janeiro
93%
MAustraliaMelbourne
93%
NUnited StatesNew York City
91%
VCanadaVancouver
90%
UMongoliaUlaanbaatar
88%
GPalestineGaza
83%
KDR CongoKinshasa
79%
HZimbabweHarare
78%
YUnited KingdomYork
75%
OUnited StatesOrlando
66%
WChinaWuhan
56%
XChinaXiamen
48%
PIndiaPoona
42%
IIranIsfahan
31%
EIraqErbil
30%
DPhilippinesDavao City
29%
ZChinaZhengzhou
27%
QIranQom
26%
TMexicoToluca
17%
SHondurasSan Pedro Sula
17%

Score Distribution

Percentile by Number Answered

Percent of People with Each Score

Your Score History

You have not taken this quiz